<?xml version="1.0" encoding="UTF-8"?>
<record
    xmlns:xsi="http://www.w3.org/2001/XMLSchema-instance"
    xsi:schemaLocation="http://www.loc.gov/MARC21/slim http://www.loc.gov/standards/marcxml/schema/MARC21slim.xsd"
    xmlns="http://www.loc.gov/MARC21/slim">

  <leader>02882nam a2200373 i 4500</leader>
  <controlfield tag="001">000017808</controlfield>
  <controlfield tag="003">DO-SdBNP</controlfield>
  <controlfield tag="005">20250122135301.0</controlfield>
  <controlfield tag="007">ta</controlfield>
  <controlfield tag="008">100406s1994    dr ac         001 0 spa d</controlfield>
  <datafield tag="040" ind1=" " ind2=" ">
    <subfield code="a">DO-SdBNP</subfield>
    <subfield code="b">spa</subfield>
    <subfield code="c">BNPHU</subfield>
    <subfield code="e">rda</subfield>
  </datafield>
  <datafield tag="041" ind1=" " ind2=" ">
    <subfield code="a">spa</subfield>
  </datafield>
  <datafield tag="082" ind1=" " ind2="4">
    <subfield code="a">910.4</subfield>
    <subfield code="b">N964ca</subfield>
    <subfield code="2">22</subfield>
  </datafield>
  <datafield tag="100" ind1="1" ind2=" ">
    <subfield code="a">N&#xFA;&#xF1;ez Jim&#xE9;nez, Antonio,</subfield>
    <subfield code="d">1923-1998</subfield>
    <subfield code="e">autor</subfield>
    <subfield code="4">aut.</subfield>
    <subfield code="9">12579</subfield>
  </datafield>
  <datafield tag="245" ind1="1" ind2="0">
    <subfield code="a">En canoa por el Mar de las Antillas /</subfield>
    <subfield code="c">Antonio N&#xFA;&#xF1;ez Jim&#xE9;nez ; pr&#xF3;logo, Jos&#xE9; Juan Arrom ; presentaci&#xF3;n, Nicol&#xE1;s de Jes&#xFA;s Cardenal L&#xF3;pez Rodr&#xED;guez.</subfield>
  </datafield>
  <datafield tag="250" ind1=" " ind2=" ">
    <subfield code="a">Prime edici&#xF3;n</subfield>
  </datafield>
  <datafield tag="264" ind1=" " ind2="1">
    <subfield code="a">Santo Domingo :</subfield>
    <subfield code="b">Patronato de la Ciudad Colonial,</subfield>
    <subfield code="c">1994.</subfield>
  </datafield>
  <datafield tag="300" ind1=" " ind2=" ">
    <subfield code="a">xxxvi, 431 p&#xE1;ginas :</subfield>
    <subfield code="b">ilustraciones, mapas, retratos ;</subfield>
    <subfield code="c">23 cm.</subfield>
  </datafield>
  <datafield tag="336" ind1=" " ind2=" ">
    <subfield code="a">texto</subfield>
    <subfield code="b">txt</subfield>
    <subfield code="2">rdacontent</subfield>
  </datafield>
  <datafield tag="337" ind1=" " ind2=" ">
    <subfield code="a">sin mediaci&#xF3;n</subfield>
    <subfield code="b">n</subfield>
    <subfield code="2">rdamedia</subfield>
  </datafield>
  <datafield tag="338" ind1=" " ind2=" ">
    <subfield code="a">volumen</subfield>
    <subfield code="b">nc</subfield>
    <subfield code="2">rdacarrier</subfield>
  </datafield>
  <datafield tag="490" ind1=" " ind2=" ">
    <subfield code="a">Quinto centenario. Estudios ;</subfield>
    <subfield code="v">11</subfield>
  </datafield>
  <datafield tag="500" ind1=" " ind2=" ">
    <subfield code="a">Incluye datos biogr&#xE1;ficos del autor en las solapas.</subfield>
  </datafield>
  <datafield tag="504" ind1=" " ind2=" ">
    <subfield code="a">Bibliograf&#xED;a : p. 423-431.</subfield>
  </datafield>
  <datafield tag="505" ind1="2" ind2=" ">
    <subfield code="a">Del continente a las islas --</subfield>
    <subfield code="t">En Puerto Espa&#xF1;a --</subfield>
    <subfield code="t">Por los caminos de Trinidad --</subfield>
    <subfield code="t">La canoa entre sargazos burocr&#xE1;ticos --</subfield>
    <subfield code="t">En la isla de San Vicente --</subfield>
    <subfield code="t">Chatoyer y los Caribes Negros --</subfield>
    <subfield code="t">Los rastafaris --</subfield>
    <subfield code="t">El arte rupestre de San Vicente --</subfield>
    <subfield code="t">De Kingstown a West Point --</subfield>
    <subfield code="t">Santa Luc&#xED;a --</subfield>
    <subfield code="t">El enigma arqueol&#xF3;gico de Santa Luc&#xED;a --</subfield>
    <subfield code="t">Los petroglifos de Santa Luc&#xED;a --</subfield>
    <subfield code="t">Castries, la capital --</subfield>
    <subfield code="t">En las islas Mar&#xED;a y Pigeon --</subfield>
    <subfield code="t">Martinica --</subfield>
    <subfield code="t">Fort de France --</subfield>
    <subfield code="t">Hacia el volc&#xE1;n de la Montagne Pelee --</subfield>
    <subfield code="t">Dominica --</subfield>
    <subfield code="t">Guadalupe --</subfield>
    <subfield code="t">Mariagalante --</subfield>
    <subfield code="t">En las islas de Monserrat y Redonda --</subfield>
    <subfield code="t">Nevis y San Kitts --</subfield>
    <subfield code="t">San Eustaquio, Saba y San Mart&#xED;n --</subfield>
    <subfield code="t">Anguila --</subfield>
    <subfield code="t">Isla V&#xED;rgenes --</subfield>
    <subfield code="t">La canoa Hatuey en Puerto Rico --</subfield>
    <subfield code="t">Entre un vuelo rasante, un submarino y un guardacostas nortemaricano --</subfield>
    <subfield code="t">De la isla Saona a la capital dominicana --</subfield>
    <subfield code="t">Santo Domingo, la ciudad primada de la Am&#xE9;rica Hisp&#xE1;nica --</subfield>
    <subfield code="t">Arte rupestre de Quisqueya --</subfield>
    <subfield code="t">Del palacio de gobierno a la Universidad Aut&#xF3;noma de Santo Domingo --</subfield>
    <subfield code="t">Prisioneros del ej&#xE9;rcito haitiano --</subfield>
    <subfield code="t">De Ban&#xED; a Montecristi --</subfield>
    <subfield code="t">De nuevo en Hait&#xED; --</subfield>
    <subfield code="t">En la Mole de San Nicol&#xE1;s --</subfield>
    <subfield code="t">A Cuba por el Paso de los Vientos --</subfield>
    <subfield code="t">Sobre el Yunque de Baracoa --</subfield>
    <subfield code="t">En el oriente de Cuba --</subfield>
    <subfield code="t">La Gran Inagua --</subfield>
    <subfield code="t">Hacia las Islas Crooked --</subfield>
    <subfield code="t">El agujero azul de Long Island --</subfield>
    <subfield code="t">De cayo Rum a cayo Saman&#xE1; --</subfield>
    <subfield code="t">En la isla de San Salvador --</subfield>
    <subfield code="t">La primera tierra de Am&#xE9;rica vista por Col&#xF3;n --</subfield>
    <subfield code="t">Vuelo sobre las Bahamas --</subfield>
    <subfield code="t">Retorno a la patria --</subfield>
    <subfield code="t">El Caribe &#xBF;qu&#xE9; es?.</subfield>
  </datafield>
  <datafield tag="590" ind1=" " ind2=" ">
    <subfield code="a">Inventariado, 2024/ YL</subfield>
  </datafield>
  <datafield tag="650" ind1=" " ind2="4">
    <subfield code="a">Canoas</subfield>
    <subfield code="z">Antillas</subfield>
    <subfield code="9">38700</subfield>
  </datafield>
  <datafield tag="651" ind1=" " ind2="4">
    <subfield code="a">Antillas</subfield>
    <subfield code="x">Descripciones y viajes</subfield>
    <subfield code="9">38698</subfield>
  </datafield>
  <datafield tag="651" ind1=" " ind2="4">
    <subfield code="a">Antillas</subfield>
    <subfield code="x">Historias</subfield>
    <subfield code="9">38699</subfield>
  </datafield>
  <datafield tag="700" ind1="1" ind2=" ">
    <subfield code="a">Arrom, Jos&#xE9; Juan,</subfield>
    <subfield code="e">prologuista </subfield>
    <subfield code="9">38701</subfield>
    <subfield code="4">prol.</subfield>
  </datafield>
  <datafield tag="700" ind1="1" ind2=" ">
    <subfield code="a">L&#xF3;pez Rodr&#xED;guez, Nicol&#xE1;s de Jes&#xFA;s</subfield>
    <subfield code="9">38702</subfield>
    <subfield code="e">presentador</subfield>
    <subfield code="4">pres.</subfield>
  </datafield>
  <datafield tag="910" ind1=" " ind2=" ">
    <subfield code="a">YLockward</subfield>
  </datafield>
  <datafield tag="942" ind1=" " ind2=" ">
    <subfield code="2">ddc</subfield>
    <subfield code="c">LBS1</subfield>
  </datafield>
  <datafield tag="952" ind1=" " ind2=" ">
    <subfield code="0">0</subfield>
    <subfield code="1">0</subfield>
    <subfield code="2">ddc</subfield>
    <subfield code="5">1</subfield>
    <subfield code="7">0</subfield>
    <subfield code="8">PD</subfield>
    <subfield code="a">BNPHU</subfield>
    <subfield code="b">BNPHU</subfield>
    <subfield code="c">HD</subfield>
    <subfield code="d">2010-04-06</subfield>
    <subfield code="e">Donaci&#xF3;n </subfield>
    <subfield code="l">0</subfield>
    <subfield code="o">BNPHU PD 910.4 N964ca</subfield>
    <subfield code="p">17808-10</subfield>
    <subfield code="r">2020-06-25</subfield>
    <subfield code="w">2020-06-25</subfield>
    <subfield code="y">LBS1</subfield>
    <subfield code="Z">No se presta</subfield>
  </datafield>
  <datafield tag="952" ind1=" " ind2=" ">
    <subfield code="0">0</subfield>
    <subfield code="1">0</subfield>
    <subfield code="2">ddc</subfield>
    <subfield code="5">1</subfield>
    <subfield code="7">0</subfield>
    <subfield code="8">PD</subfield>
    <subfield code="a">BNPHU</subfield>
    <subfield code="b">BNPHU</subfield>
    <subfield code="c">HD</subfield>
    <subfield code="d">2014-06-02</subfield>
    <subfield code="e">Donaci&#xF3;n</subfield>
    <subfield code="l">0</subfield>
    <subfield code="o">BNPHU PD 910.4 N964ca</subfield>
    <subfield code="p">17808-20</subfield>
    <subfield code="r">2020-06-25</subfield>
    <subfield code="t">e. 2</subfield>
    <subfield code="w">2020-06-25</subfield>
    <subfield code="y">LBS1</subfield>
    <subfield code="z">Perteneci&#xF3; a la biblioteca personal de la familia Reyes Duluc.</subfield>
    <subfield code="Z">No se presta</subfield>
  </datafield>
  <datafield tag="952" ind1=" " ind2=" ">
    <subfield code="0">0</subfield>
    <subfield code="1">0</subfield>
    <subfield code="2">ddc</subfield>
    <subfield code="5">6</subfield>
    <subfield code="7">0</subfield>
    <subfield code="8">DS</subfield>
    <subfield code="a">BNPHU</subfield>
    <subfield code="b">BNPHU</subfield>
    <subfield code="c">HD</subfield>
    <subfield code="d">2023-12-01</subfield>
    <subfield code="e">Donado por la Presidencia de la Rep&#xFA;blica Dominicana 2023</subfield>
    <subfield code="l">0</subfield>
    <subfield code="o">BNPHU DS 910.4 N964ca</subfield>
    <subfield code="p">2024-7039</subfield>
    <subfield code="r">2024-12-17</subfield>
    <subfield code="t">e. 3</subfield>
    <subfield code="w">2024-12-17</subfield>
    <subfield code="y">LBS1</subfield>
    <subfield code="z">Perteneci&#xF3; a la biblioteca personal de Emilio Cordero Michel</subfield>
  </datafield>
  <datafield tag="999" ind1=" " ind2=" ">
    <subfield code="c">17333</subfield>
    <subfield code="d">17333</subfield>
  </datafield>
</record>
